00652nam a22001937a 450000500170000001000150001702000260003203500140005803700130007208200150008510000250010024501480012526000340027327000410030730000250034850000500037370000150042370000200043820170427172913.0 aENG-117953 a9789382381556c950.00 aEN-101485 bDBAD/PUB a863.099282 aBandyopadhyay,Sibaji aGopal Rakhal dialectic/cby Sibaji Bandyopadhyay ; trancleted by Rani Ray [and] Nivedita Senbcolonialism and children's literature in Bangal / aNew DelhibTulika Booksc2015 a35A/1 Shahpur JatbNew Delhie110049 axxii,325p.c24cm(Hb) aIncludes bibliographical references and index a Ray, Rani a Sen, Nivedita